Methods of mathematical finance (Record no. 3097)
[ view plain ]
| 000 -LEADER | |
|---|---|
| fixed length control field | 01377nam a2200361 a 4500 |
| 082 04 - DEWEY DECIMAL CLASSIFICATION NUMBER | |
| Classification number | 650/.01/513 |
| 100 1# - MAIN ENTRY--AUTHOR NAME | |
| Personal name | Karatzas, Ioannis. |
| 245 10 - TITLE STATEMENT | |
| Title | Methods of mathematical finance |
| 260 ## - PUBLICATION, DISTRIBUTION, ETC. (IMPRINT) | |
| Place of publication | New York : |
| Name of publisher | Springer, |
| Year of publication | c1998. |
| 300 ## - PHYSICAL DESCRIPTION | |
| Number of Pages | xv, 407 p. |
| 490 1# - SERIES STATEMENT | |
| Series statement | Applications of mathematics ; |
| 650 #0 - SUBJECT ADDED ENTRY--TOPICAL TERM | |
| Topical Term | Business mathematics. |
| Topical Term | Finance |
| Topical Term | Brownian motion processes. |
| Topical Term | Contingent valuation. |
| 700 1# - ADDED ENTRY--PERSONAL NAME | |
| Personal name | Shreve, Steven E. |
| 856 40 - ELECTRONIC LOCATION AND ACCESS | |
| Uniform Resource Identifier | http://site.ebrary.com/lib/rucke/Doc?id=10002893 |
No items available.
